Countries Closest to Stockholm - Statistics

General Stats
  • This quiz has been taken 191 times
  • The average score is 10 of 10
Answer Stats
Distance (Kilometers (Miles)) Answer % Correct
115.2 (71.6) Finland
100%
458.6 (284.9) Denmark
99%
323.7 (201.1) Norway
99%
499.7 (310.5) Poland
98%
482.1 (299.6) Russia
98%
230.7 (143.4) Estonia
97%
587.4 (365) Germany
97%
288 (179) Latvia
94%
393.5 (244.5) Lithuania
93%
650.9 (404.4) Belarus
91%
No matching quizzes found
Score Distribution
Percent of People with Each Score
Percentile by Number Answered
Your Score History
You have not taken this quiz